000 05488cam a2200433 4500500
005 20251228045427.0
041 _afre
042 _adc
100 1 0 _aQuantin, Catherine
_eauthor
700 1 0 _aBenzenine, Éric
_eauthor
700 1 0 _aHägi, Mathieu
_eauthor
700 1 0 _aAuverlot, Bertrand
_eauthor
700 1 0 _aAbrahamowicz, Michal
_eauthor
700 1 0 _aCottenet, Jonathan
_eauthor
700 1 0 _aFournier, Évelyne
_eauthor
700 1 0 _aBinquet, Christine
_eauthor
700 1 0 _aCompain, Delphine
_eauthor
700 1 0 _aMonnet, Élisabeth
_eauthor
700 1 0 _aBouvier, Anne-Marie
_eauthor
700 1 0 _aDanzon, Arlette
_eauthor
245 0 0 _aÉvaluation du PMSI comme moyen d'identification des cas incidents de cancer colorectal
260 _c2014.
500 _a69
520 _aContexte : pour estimer l’incidence nationale d’un cancer, les registres sont une source fiable de données mais celles-ci ne sont pas toujours disponibles sur tous les territoires. Nous avons voulu évaluer l’intérêt du programme de médicalisation des systèmes d’information (PMSI) pour l’identification des cas incidents de cancers colorectaux. Méthode : afin de retrouver ces cas incidents dans la base PMSI, nous avons élaboré deux algorithmes. Le premier se base sur les codes diagnostiques et actes médicaux, le second uniquement sur les diagnostics et leur absence au cours des cinq dernières années. Les résultats obtenus sur deux départements ont été confrontés à ceux de deux registres, constituant la référence. Nous avons ensuite élaboré deux modèles de régression logistique multi-variée permettant de corriger le nombre de cas incidents estimé au niveau national par l’algorithme retenu après évaluation des résultats. Résultats : le premier algorithme a fourni des résultats très proches de ceux observés au niveau des registres (646 vs 645 cas), avec une bonne sensibilité et valeur prédictive positive de 75 %. Le second surestime l’incidence (≈ 50 %), avec une valeur prédictive positive de 60 % et n’a donc pas été retenu pour l’estimation nationale. En appliquant le premier algorithme à la base nationale du PMSI MCO (médecine, chirurgie, obstétrique), et après modélisation, l’incidence estimée ne diffère que de 2,34 % par rapport à celle observée par l’ensemble de 14 registres. L’estimation au niveau national est de 39 122[37 020 ; 41 224] cas pour l’année 2005 et est cohérente avec celle publiée par le réseau national des registres, Francim (37 413). Conclusion : cette étude montre l’utilité des données PMSI pour l’estimation de l’incidence nationale de certains cancers, en l’absence de registres du cancer. Une correction des résultats bruts reste cependant nécessaire, et la méthode ici proposée permet d’y parvenir.
520 _aEvaluation of medical information systems as a mean of identification of incident cases of colorectal cancer Background: Cancer registries are a reliable source of data to estimate national cancer incidence rates, but they are not always available in all regions. This study assessed the value of medical information systems (PMSI) to identify incident cases of colorectal cancer. Methods: Two algorithms were elaborated to identify these incident cases in the PMSI database. The first algorithm was based on diagnosis and medical procedure codes and the second algorithm was based exclusively on diagnoses and the absence of diagnoses over the last five years. The results obtained for two departments were compared with those derived from two cancer registries, constituting the reference data. We then elaborated two multivariate logistic regression models to correct the national number of incident cases estimated by the algorithm adopted after evaluation of the results. Results: The first algorithm provided results that were very close to those derived from the regional registries (646 vs 645 cases) with a good sensitivity and positive predictive value of 75%. The second algorithm overestimated the incidence by about 50% with a positive predictive value of 60% and was therefore not adopted for the national estimation. By applying the first algorithm to the national PMSI MCO database (medicine, surgery, obstetrics), and after modelling, the estimated incidence differed by only 2.34% compared to that observed by all 14 registries. The national estimation of cancer incidence was 39,122 [37,020 ; 41,224] cases for 2005, which is consistent with the figure published by the Francim national registry network (37,413). Conclusion: This study demonstrates the value of PMSI data for estimation of national incidence rates for certain cancers in the absence of cancer registries. However, raw data must be corrected and can be achieved by the method proposed here.
690 _acouplage des dossiers médicaux
690 _aincidence
690 _arecherche en efficacité comparative
690 _asystèmes informatisés de dossiers médicaux
690 _atumeurs colorectales
690 _acolorectal neoplasms
690 _acomparative effectiveness research
690 _acomputerized
690 _aincidence
690 _amedical record linkage
690 _amedical records systems
786 0 _nSanté Publique | 26 | 1 | 2014-01-01 | p. 55-63 | 0995-3914
856 4 1 _uhttps://stm.cairn.info/revue-sante-publique-2014-1-page-55?lang=fr&redirect-ssocas=7080
999 _c1578519
_d1578519